[Event "London Classic op-A U2000 5th"]
[Site "London"]
[Date "2013.12.12"]
[Round "4"]
[White "Shaw, Miles"]
[Black "Baroukh, Leon"]
[Result "0-1"]
[WhiteElo "1752"]
[BlackElo "1824"]
[PlyCount "112"]
[EventDate "2013.12.09"]
[EventType "swiss"]
[EventRounds "5"]
[EventCountry "ENG"]
[SourceTitle "EXT 2016"]
[Source "ChessBase"]
[SourceDate "2015.10.08"]
[SourceVersion "1"]
[SourceVersionDate "2015.10.08"]
[SourceQuality "1"]

1. d4 d5 2. Nf3 Nc6 3. e3 Nf6 4. Be2 Bf5 5. a3 a6 6. 0-0 e6 7. Nbd2 Bd6 8. c4 h5 9. c5 Be7 10. b4 h4 11. Bb2 h3 12. g3 Ne4 13. Nb3 Bg5 14. Nxg5 Qxg5 15. f4 Qg6 16. Qe1 Ne7 17. a4 Bg4 18. Bxg4 Qxg4 19. Qd1 Qg6 20. Rf3 Nf5 21. Qc2 Nh4 22. Rf2 Qg4 23. Qe2 Nxf2 24. Kxf2 Qxe2+ 25. Kxe2 Nf5 26. Na5 Rb8 27. Bc3 c6 28. Kf3 Nh6 29. Rb1 f5 30. b5 Kd7 31. Nb3 Ng4 32. Rb2 cxb5 33. axb5 axb5 34. Nc1 Kc6 35. Nd3 Ra8 36. Ne5+ Nxe5+ 37. fxe5 g5 38. Rf2 Ra3 39. Rc2 Rha8 40. g4 f4 41. exf4 b4 42. f5 Rxc3+ 43. Rxc3 bxc3 44. Ke3 c2 45. Kd2 exf5 46. gxf5 g4 47. f6 g3 48. e6 gxh2 49. f7 c1Q+ 50. Kxc1 h1Q+ 51. Kb2 Qg2+ 52. Kb3 Qf3+ 53. Kb2 h2 54. e7 Qa3+ 55. Kc2 Qa2+ 56. Kd1 h1Q# 0-1